000 01798cam a22004214i 4500
003 PE-LiUPU
005 20250731172810.0
008 150617s1913 sp r 000 0 spa d
035 _a(Sirsi) a13506
040 _aPE-LiUPU
_bspa
_cPE-LiUPU
_erda
049 _aPRUA
082 0 4 _a270.1
_bR393a
_223
100 1 _aRenan, Ernesto,
_eautor.
245 1 3 _aEl Anticristo /
_cErnesto Renan.
264 1 _aBarcelona :
_bCasa Editorial Maucci,
_c1913.
300 _a411 páginas ;
_c22 centímetros
336 _atext
_2rdacontent
337 _aunmediated
_2rdamedia
338 _avolume
_2rdacarrier
505 0 _aPedro en Roma -- Estado de las Iglesias de Judea -- Muerte de Santiago -- Ultima actividad de Pablo -- Los preliminares de la crisis -- El incendio de Roma -- Matanza de cristianos -- La estética de Nerón -- Muerte de San Pedro y de San Pablo -- Al día siguiente de la crisis -- La revolución en Judea -- Matanzas en Siria y en Egipto. Vespasiano en Galilea -- El terror en Jerusalén -- Fuga de los cristianos -- Muerte de Nerón. -Catástrofes y presagios -- Los apóstoles en Asia -- El Apocalipsis -- Suerte del libro -- Advenimiento de los Flavios -- Ruina de Jerusalén -- Consecuencias de la ruina de Jerusalén.
526 _aSEG42
526 _aSEG41
526 _aSEG40
526 _aSEG39
526 _aP94
526 _aP87
526 _aP86
526 _aP85
526 _aP77
526 _aP76
526 _aP35
650 1 4 _aIglesia
_xHistoria 30-600
_yPeriodo primitivo.
910 _ajck
942 _2ddc
_cBK
949 _a270.1 R393a
_wDEWEY
_c1
_i06280
_lCCODEBUL1
_mBUL
_p00.00
_r0
_sY
_tBOOK
_u2015-04-21
_xTEOLOGIA
_0COMPRA
_o.STAFF. Colección General
999 _c3881
_d3881
980 _81
_gALBERTO SANCHEZ Responsable de Automatización